000 03073cam a2200553Ia 4500
001 89253
005 20230411090047.0
008 000816r20070000bl b 001 1 por d
035 _a(OCoLC)ocn163107881
040 _aUBA
_bpor
_cUBA
_dOCLCQ
_dBLBSF
020 _z978857625106X
035 _a(OCoLC)163107881
049 _aGRAL
245 0 0 _aDireito das relacoes internacionais :
_bensaios histórios e jurídicos /
_cJorge Luís Mialhe, organizador.
260 _aCampinas :
_bMillennium,
_c2007.
300 _a437 p.
500 _aTextos de vários autores.
504 _aInclui bibliografia.
505 2 _aBreves estudos de história da filosofia nas relacoes internacionais [...] / Alexandre Almeida -- Formacao história do conceito de soberania / Antoni Iatarola -- Fundamento histórico-políticos do direito de relacoes internacionais [...] / Claudia Mardones -- A conferencia interamericana sobre problemas da guerra e da paz de 1945 / Erika Seguchi -- Consideracoes sobre a história do direito das relacoes internacionais [...] / Jorge Mialhe -- Fundamentos históricos e políticos do direito das relacoes internacionais [...] / Kleber Stefano
505 2 _aMecanismos jurídicos de integracao para o Mercosul / Angela Pompeu -- Integracao Mercosul - Uniao Europeia: dificuldades na area agricola / Daina Gutmanis -- O comercio internacional brasileiro de produtos industriais: negociacoes entre Brasil e Uniao Europeia e Brasil e Estados Unidos / Letâicial Bellani -- O tratado de constituicao da Europa e a reafirmacao da cidadania europeia / Tatiane Ferreira -- Um esboco critico as concepcoes geopoliticas classicas / Rodrigo Passos.
650 7 _aRelacoes internacionais.
_2larpcal
650 7 _aHistoria do direito.
_2larpcal
650 7 _aComércio internacional.
_2larpcal
600 1 4 _aBarbosa, Ruy,
_d1849-1923,
_xdiscursos etc.
_2ap
600 1 4 _aSmith, Adam,
_xcritica e interpretacao.
610 2 4 _aNacoes Unidas (ONU).
610 2 4 _aMercado Comum do Sul (Mercosul).
610 2 4 _aUniao Europeia (UE).
611 2 4 _aConferencia Internacional da Paz
_n(2. :
_d1907 :
_cHaia).
_2cc
611 2 4 _aConferencia Interamericana sobre Problemas da Guerra e da Paz
_d(1945 :
_cMéxico, DF).
_2cc
650 1 4 _aRelacoes internacionais,
_xhistoria,
_xfilosofia.
650 4 _aDireito internacional publico,
_xhistoria.
650 4 _aPolitica internacional.
650 4 _aDireito comercial internacional.
650 4 _aIntegracao economica,
_xcomercio internacional.
650 4 _aExtradicao.
650 4 _aAsilo político.
650 4 _aGeopolítica.
650 4 _aCrise política,
_zEquador,
_y2005.
650 4 _aProduto industrializado,
_xcomercio internacional,
_zBrasil,
_zEstados Unidos,
_zUniao Europeia.
650 4 _aIntegracao regional.
650 4 _aDireito espacial.
650 4 _aDireito comunitario,
_xdireito comparado,
_zPaises do Mercosul,
_zPaises da Uniao Europeia.
650 4 _aConstituicao,
_zEuropa.
700 1 _aMialhe, Jorge Luís,
_eorg.
942 _2lcc
_cbk
994 _aC0
_bDRFGD
946 _aJP
999 _c111786
_d111786